| 000 | 00830nam a2200229 a 4500 | ||
|---|---|---|---|
| 001 | 56261 | ||
| 003 | BD-RjUL | ||
| 005 | 20211209080356.0 | ||
| 008 | 161128s1966 bg ||||| |||| 00| 0 ben d | ||
| 020 | _c: TK 2.00 | ||
| 035 | _a(BD-RjUL)56385 | ||
| 040 |
_aBD-RjUL _bben _cBD-RjUL |
||
| 041 | _aben | ||
| 082 |
_223 _a891.442 _bALB 1966 |
||
| 100 |
_aআলাউদ্দীন, মোঃ _9147378 |
||
| 245 | 1 | 0 |
_aবোবা কান্না : _bদুই দৃশ্যে পূর্ণাঙ্গ নাটক / _cমোঃ আলাউদ্দীন |
| 260 |
_aবগুড়া : _bসাহিত্য কুটির, _c১৯৬৬ |
||
| 300 |
_a৮৯ পৃ. ; _c১৭ সেমি . |
||
| 650 |
_aবাংলা নাটক _9167398 |
||
| 650 |
_aBengali Drama _9167399 |
||
| 942 |
_2ddc _cBK |
||
| 999 |
_c56261 _d56261 |
||